Diversity matters : Understanding Diversity in Schools
The book provides abundant practical, theoretically sound approaches for addressing the needs of those who are marginalized in today's classroom. Designed to engage readers intellectually and emotionally, this distinctive book will move you from the realm of understanding (head), through person...
Kaydedildi:
| Yazar: | |
|---|---|
| Materyal Türü: | Kitap |
| Dil: | Undetermined |
| Baskı/Yayın Bilgisi: |
Belmont, CA
Wadsworth
2012
|
| Konular: | |
| Etiketler: |
Etiketle
Etiket eklenmemiş, İlk siz ekleyin!
|
| Thư viện lưu trữ: | Trung tâm Học liệu Trường Đại học Cần Thơ |
|---|
| LEADER | 01114nam a2200241Ia 4500 | ||
|---|---|---|---|
| 001 | CTU_183553 | ||
| 008 | 210402s9999 xx 000 0 und d | ||
| 020 | |c 3002000 | ||
| 082 | |a 370.1170973 | ||
| 082 | |b S766 | ||
| 100 | |a Spradlin, Lynn Kell | ||
| 245 | 0 | |a Diversity matters : | |
| 245 | 0 | |b Understanding Diversity in Schools | |
| 245 | 0 | |c Lynn Kell Spradlin | |
| 260 | |a Belmont, CA | ||
| 260 | |b Wadsworth | ||
| 260 | |c 2012 | ||
| 520 | |a The book provides abundant practical, theoretically sound approaches for addressing the needs of those who are marginalized in today's classroom. Designed to engage readers intellectually and emotionally, this distinctive book will move you from the realm of understanding (head), through personal valuing (heart), and finally to applying (voice) the information provided. | ||
| 650 | |a Multicultural education,Minorities,Giáo dục đa văn hóa,Dân tộc thiểu số | ||
| 650 | |x Education,Giáo dục | ||
| 650 | |z United States,United States,Hoa Kỳ,Hoa Kỳ | ||
| 904 | |i Hải | ||
| 980 | |a Trung tâm Học liệu Trường Đại học Cần Thơ | ||